[Event "Wch U16"]
[Site "Porto Carras"]
[Date "2018.10.24"]
[Round "6"]
[White "Olsen, Filip Boe"]
[Black "Gabizon, Eyal"]
[Result "1-0"]
[WhiteElo "2335"]
[BlackElo "2205"]
[PlyCount "67"]
[EventDate "2018.10.20"]
[EventType "swiss"]
[EventRounds "11"]
[EventCountry "GRE"]
[SourceTitle "CBM 187 Extra"]
[Source "ChessBase"]
[SourceDate "2018.11.04"]
[SourceVersion "1"]
[SourceVersionDate "2018.11.04"]
[SourceQuality "1"]

1. d4 Nf6 2. c4 g6 3. Nc3 Bg7 4. e4 d6 5. h3 0-0 6. Be3 e5 7. d5 a5 8. g4 Na6 9. Nge2 Nd7 10. Qd2 Nac5 11. Ng3 Nb6 12. Be2 f5 13. gxf5 gxf5 14. Nxf5 Nxe4 15. Nxe4 Bxf5 16. Ng3 Qh4 17. Rc1 Bg6 18. Bg4 h6 19. c5 dxc5 20. Rxc5 Qe7 21. Qc1 Qd6 22. Be6+ Kh7 23. h4 c6 24. h5 Bd3 25. Qd2 Bb1 26. Qd1 Bxa2 27. Nf5 Qd8 28. Rg1 Rxf5 29. Bxf5+ Kh8 30. Qg4 Qf6 31. dxc6 bxc6 32. Rxc6 Qf8 33. Rxb6 Bg8 34. Bxh6 1-0

[Event "Wch U16"]
[Site "Porto Carras"]
[Date "2018.10.23"]
[Round "5"]
[White "Gabizon, Eyal"]
[Black "Zhalmakhanov, Ramazan"]
[Result "1/2-1/2"]
[WhiteElo "2205"]
[BlackElo "2316"]
[PlyCount "194"]
[EventDate "2018.10.20"]
[EventType "swiss"]
[EventRounds "11"]
[EventCountry "GRE"]
[SourceTitle "CBM 187 Extra"]
[Source "ChessBase"]
[SourceDate "2018.11.04"]
[SourceVersion "1"]
[SourceVersionDate "2018.11.04"]
[SourceQuality "1"]

1. d4 Nf6 2. c4 e6 3. Nc3 Bb4 4. e3 0-0 5. Bd3 d5 6. Nge2 dxc4 7. Bxc4 c5 8. 0-0 cxd4 9. exd4 Nbd7 10. a3 Be7 11. Bg5 Nb6 12. Ba2 Bd7 13. Qd3 Bc6 14. Rac1 Re8 15. Bb1 g6 16. Ng3 Nfd5 17. Be3 Nxc3 18. Qxc3 Bb5 19. Rfe1 Rc8 20. Qa5 Bc6 21. Ne4 Nd5 22. Qd2 Nf6 23. Nc5 Nd7 24. Nd3 Bf6 25. Nb4 Nb6 26. Nxc6 bxc6 27. Be4 Nd5 28. b4 Qb6 29. Rc5 Be7 30. Rc4 Ra8 31. Qc2 Rec8 32. Bd2 Bf6 33. Qd3 Rd8 34. Rec1 Ne7 35. Be3 Rd6 36. Qc2 Qd8 37. Bxc6 Rc8 38. Bf3 Rxc4 39. Qxc4 Nf5 40. Qc8 Bxd4 41. Bxd4 Nxd4 42. Qxd8+ Rxd8 43. Rc7 Nb5 44. Rb7 Nxa3 45. Rxa7 Nc2 46. Rb7 Nd4 47. b5 Ra8 48. h3 Ra1+ 49. Kh2 Ra2 50. Kg3 Nf5+ 51. Kh2 Nd4 52. Kg3 Kg7 53. b6 Ra3 54. Rb8 Rb3 55. b7 Nxf3 56. gxf3 h5 57. h4 Kf6 58. Kf4 Rb4+ 59. Kg3 e5 60. Kh3 Rb3 61. Kg2 Kf5 62. Kg3 Rb2 63. Kh3 Kf4 64. Kg2 Rb1 65. Ra8 Rxb7 66. Ra4+ Kf5 67. Kg3 Rb1 68. Rc4 Rd1 69. Ra4 f6 70. Rb4 Rd4 71. Rb6 g5 72. hxg5 Kxg5 73. Ra6 Rd3 74. Ra4 h4+ 75. Kg2 f5 76. Rb4 h3+ 77. Kxh3 Rxf3+ 78. Kg2 e4 79. Ra4 Rb3 80. Rc4 Kg4 81. Ra4 Rb2 82. Rc4 Kg5 83. Kg1 Kf4 84. Kg2 Kg4 85. Ra4 Re2 86. Kf1 Rd2 87. Kg2 Rd1 88. Rb4 Re1 89. f3+ Kf4 90. fxe4 Re2+ 91. Kf1 Rxe4 92. Rxe4+ Kxe4 93. Ke2 f4 94. Kf2 f3 95. Kf1 Ke3 96. Ke1 f2+ 97. Kf1 Kf3 1/2-1/2

[Event "Wch U16"]
[Site "Porto Carras"]
[Date "2018.10.21"]
[Round "3"]
[White "Gabizon, Eyal"]
[Black "Kozak, Adam"]
[Result "1-0"]
[WhiteElo "2205"]
[BlackElo "2445"]
[PlyCount "81"]
[EventDate "2018.10.20"]
[EventType "swiss"]
[EventRounds "11"]
[EventCountry "GRE"]
[SourceTitle "CBM 187 Extra"]
[Source "ChessBase"]
[SourceDate "2018.11.04"]
[SourceVersion "1"]
[SourceVersionDate "2018.11.04"]
[SourceQuality "1"]

1. d4 d5 2. c4 e6 3. Nc3 c6 4. Nf3 Nf6 5. e3 Nbd7 6. Bd3 dxc4 7. Bxc4 b5 8. Bd3 Bd6 9. a4 b4 10. Ne4 Nxe4 11. Bxe4 Bb7 12. Qc2 Rc8 13. 0-0 h6 14. Rd1 0-0 15. Qe2 Qc7 16. Bd2 Nf6 17. Bd3 c5 18. Rac1 Qa5 19. b3 Ne4 20. dxc5 Rxc5 21. Rxc5 Bxc5 22. Rc1 Nc3 23. Qe1 Rd8 24. Bf1 Ne4 25. Bc4 Qb6 26. Qe2 Be7 27. Be1 Bf6 28. Rd1 Rc8 29. Qd3 Nc5 30. Qd2 Bc3 31. Qe2 Bxf3 32. Qxf3 Bxe1 33. Rxe1 Nxa4 34. Rd1 Nc5 35. h4 Qc7 36. h5 a5 37. Rd4 Qe5 38. Rf4 Qc7 39. Rg4 Rb8 40. Qf6 g5 41. hxg6 1-0

[Event "Kiryat Ono op 6th"]
[Site "Kiryat Ono"]
[Date "2015.07.06"]
[Round "2"]
[White "Globus, Or"]
[Black "Gabizon, Eyal"]
[Result "1-0"]
[WhiteElo "2080"]
[BlackElo "1991"]
[PlyCount "95"]
[EventDate "2015.07.05"]
[EventType "swiss"]
[EventRounds "5"]
[EventCountry "ISR"]
[SourceTitle "CBM 167 Extra"]
[Source "ChessBase"]
[SourceDate "2015.09.14"]
[SourceVersion "1"]
[SourceVersionDate "2015.09.14"]
[SourceQuality "1"]

1. d4 Nf6 2. c4 g6 3. Nc3 Bg7 4. e4 d6 5. Nf3 0-0 6. Be2 e5 7. 0-0 exd4 8. Nxd4 Re8 9. f3 Nc6 10. Be3 Nh5 11. f4 Nf6 12. Bf3 Nxd4 13. Bxd4 Be6 14. Qd3 c6 15. Rfe1 Nd7 16. Bxg7 Kxg7 17. Qd4+ Qf6 18. Rad1 Nb6 19. b3 Red8 20. Qxf6+ Kxf6 21. Rxd6 Rxd6 22. e5+ Ke7 23. exd6+ Kxd6 24. Ne4+ Kc7 25. Ng5 Re8 26. Nxh7 Nd7 27. Ng5 Kb6 28. Nxe6 Rxe6 29. Rxe6 fxe6 30. Be4 Nf8 31. Kf2 Kc5 32. Ke3 Kb4 33. Kd2 Ka3 34. g4 Kb4 35. h4 Kc5 36. Kc3 Kd6 37. h5 e5 38. hxg6 Ne6 39. f5 Ng5 40. Bd3 Ke7 41. g7 Kf7 42. f6 c5 43. Bg6+ Kg8 44. Kd3 Ne6 45. Be4 Nf4+ 46. Ke3 Kf7 47. Bh7 Ng2+ 48. Kf2 1-0

[Event "EU-ch 16th"]
[Site "Jerusalem"]
[Date "2015.03.04"]
[Round "8"]
[White "Manakova, Maria"]
[Black "Gabizon, Eyal"]
[Result "1-0"]
[WhiteElo "2318"]
[BlackElo "1760"]
[PlyCount "179"]
[EventDate "2015.02.24"]
[EventType "swiss"]
[EventRounds "11"]
[EventCountry "ISR"]
[SourceTitle "CBM 166"]
[Source "ChessBase"]
[SourceDate "2015.05.11"]
[SourceVersion "1"]
[SourceVersionDate "2015.05.11"]
[SourceQuality "1"]

1. e4 c5 2. f4 d5 3. exd5 Nf6 4. Bb5+ Bd7 5. Bxd7+ Qxd7 6. c4 e6 7. dxe6 Qxe6+ 8. Qe2 Nc6 9. Qxe6+ fxe6 10. Na3 Nb4 11. d3 Nxd3+ 12. Ke2 Nxc1+ 13. Rxc1 Bd6 14. Nh3 a6 15. Rcd1 0-0-0 16. Nc2 h6 17. Ne3 Bc7 18. Rxd8+ Rxd8 19. Rd1 Rxd1 20. Kxd1 Kd7 21. Ke2 Ke7 22. g3 Kf7 23. Nf2 Bd6 24. Kf3 Nd7 25. Nd3 Nb8 26. Ng4 Nc6 27. Ke4 Nd4 28. b4 b6 29. a4 Nb3 30. Nge5+ Ke8 31. b5 axb5 32. cxb5 Na5 33. Nb2 Bxe5 34. Kxe5 Ke7 35. g4 Kd7 36. f5 exf5 37. gxf5 Ke7 38. Kd5 Kd7 39. Nd3 Nb3 40. Ne5+ Kc7 41. Nc4 Nd4 42. Ke4 Ne2 43. Ne3 Kb7 44. Nd5 Ka7 45. Kd3 Nd4 46. Ke4 Ne2 47. h4 Kb7 48. Ke3 Nd4 49. Kf4 Ne2+ 50. Ke4 Nd4 51. h5 Ne2 52. Kf3 Nd4+ 53. Ke4 Ne2 54. Ke3 Ng3 55. f6 gxf6 56. Nxf6 Kc7 57. Nd5+ Kb7 58. Nf4 Kc7 59. Kf3 Nf5 60. Ke4 Ng3+ 61. Kd5 Kd7 62. Ke5 Kc7 63. Nd5+ Kb7 64. Nf6 Kc7 65. Kf4 Ne2+ 66. Ke3 Ng3 67. Kf3 Nf5 68. Nd5+ Kb7 69. Kf4 Nd4 70. Ke5 Ne2 71. Kf5 c4 72. Ne3 Nd4+ 73. Ke4 Ne2 74. Kf5 Nd4+ 75. Ke5 Ne2 76. Nxc4 Ng3 77. Nd6+ Ka7 78. Kd5 Nxh5 79. Kc6 Nf4 80. Nc8+ Kb8 81. Nxb6 Ne2 82. Nd7+ Kc8 83. Nf6 Nd4+ 84. Kb6 Kb8 85. a5 Nf5 86. a6 Nd6 87. Kc6 Nf7 88. b6 Nd8+ 89. Kb5 Kc8 90. Nd5 1-0